| 000 | 00859nac a22002651i 4500 | ||
|---|---|---|---|
| 003 | EG-ScBUE | ||
| 005 | 20240522112708.0 | ||
| 008 | 240522s1955 enka f 000 0 eng d | ||
| 035 | _a(OCoLC)410755 | ||
| 040 |
_aEG-ScBUE _beng _erda _cEG-ScBUE _dEG-ScBUE |
||
| 082 | 0 | 4 |
_a950 _bATI _222 |
| 100 | 1 |
_aAtiyah, Edward, _d1903-1964, _eauthor. |
|
| 245 | 1 | 4 |
_aThe Arabs / _cEdward Atiyah. |
| 246 | 3 | 4 |
_aArabs : _borigins, present conditions, and prospects of the Arab world |
| 264 | 1 |
_a[Harmondsworth, Middlesex] : _bPenguin Books, _c1955. |
|
| 300 |
_a241 pages : _billustrations ; _c18 cm. |
||
| 336 |
_2rdacontent _atext _btxt |
||
| 337 |
_aunmediated _2rdamedia _bn |
||
| 338 |
_avolume _bnc _2rdacarrier |
||
| 490 | 0 | _aPelican books | |
| 650 | 7 |
_aArabs. _2BUEsh |
|
| 655 | _vReading book | ||
| 942 |
_cBB _2ddc |
||
| 999 |
_c1791 _d1791 |
||